Every Movie Directed by Peter Jackson - Statistics

General Stats
  • This quiz has been taken 15 times
  • The average score is 8 of 19
Answer Stats
Year Film % Correct
2001 The Lord of the Rings: The Fellowship of the Ring
100%
2003 The Lord of the Rings: The Return of the King
100%
2002 The Lord of the Rings: The Two Towers
100%
2012 The Hobbit: An Unexpected Journey
85%
2013 The Hobbit: The Desolation of Smaug
77%
2005 King Kong
69%
2014 The Hobbit: The Battle of the Five Armies
69%
1987 Bad Taste
46%
1992 Braindead
31%
1994 Heavenly Creatures
31%
1996 The Frighteners
31%
2009 The Lovely Bones
31%
2021 The Beatles: Get Back
15%
2022 The Beatles: Get Back - The Rooftop Concert
15%
2008 Crossing the Line
8%
1995 Forgotten Silver
8%
1989 Meet the Feebles
8%
1976 The Valley
8%
2018 They Shall Not Grow Old
8%
No matching quizzes found
Score Distribution
Percent of People with Each Score
Percentile by Number Answered
Your Score History
You have not taken this quiz